000 00697nam a2200217 a 4500
005 20220215134857.0
008 150806s1982 mx r 000 0 spa d
020 _a8475091849
035 _aUPN01000204905
049 _aCG
050 4 _aBF173 F8.5
_bA8.3
100 1 _aAssoun, Paul-Laurent,
_d1948-
_931693
245 1 0 _aFreud :
_bla filosofía y los filósofos /
_cPaul-Laurent Assoun ; tr. Alberto Luis Bixio,
260 _aBarcelona, Esp. :
_bPaidós,
_c1982.
300 _a246 p.
534 _pTítulo original:
_tFreud ; la philosophie et les philosophes
600 1 4 _aFREUD, SIGMUND,
_d1856-1939
650 4 _aPSICOANALISIS Y FILOSOFIA
_914405
905 _aLibro
999 _c177006
_d177006